000 00603nam a2200265Ia 4500
003 OSt
005 20220912152444.0
006 a|||||r|||| 00| 0
007 ta
008 220909b |||||||| |||| 00| 0 eng d
024 _a46507
037 _cTextual
040 _aCSL
_beng
_cCSL
041 _aeng
082 _aH1555, J9
100 _aLandes Kenneth K
245 0 _aPetroleum geology
250 _a2nd
260 _c1952
300 _ap.
_ccm.
650 _a Petrolium
650 _aGeology
942 _hH1555, J9
_cTEXL
_2CC
999 _c86450
_d86450